Estadísticas para Comunas de la Región de Antofagasta

Haz click aquí para intentar la prueba.

Estadísticas generales

  • Esta prueba ha sido intentada 11 veces
  • La puntuación promedio es 8 de 9

Estadísticas de respuestas

Comunas% Correcto
Antofagasta
100%
Calama
100%
Tocopilla
100%
Ollagüe
83%
San Pedro de Atacama
83%
Sierra Gorda
83%
Taltal
83%
María Elena
67%
Mejillones
67%

Distribución de puntuación

Porcentaje por número respondido

Porcentaje de gente con cada puntuación

Historial de tus puntuaciones

No has intentado esta prueba.